| 000 | 01124nam0a2200337 4500 | ||
|---|---|---|---|
| 001 | RU\NLR\BIBL_A\022232375 | ||
| 005 | 20240708141326.0 | ||
| 010 | _a978-5-0062-4643-0 | ||
| 021 |
_aRU _bКН-П-24-021241 _9КН-П-24-2210 |
||
| 035 | _a(NLR Aleph) 022232375 | ||
| 090 |
_a13135221 _c13135221 |
||
| 100 | _a20240524d2024 u y0rusy50 ca | ||
| 101 | 0 | _arus | |
| 102 | _aRU | ||
| 105 | _ay z 000yy | ||
| 181 | 0 |
_ai4 _baxxe |
|
| 182 | 0 | _an | |
| 200 | 1 |
_aВремя свойство живой природы _fЕ. Ляндо |
|
| 203 |
_aТекст _bвизуальный _cнепосредственный |
||
| 210 |
_a[Б. м.] _cИздательские решения _d2024 |
||
| 215 |
_a158 с. _d21 |
||
| 320 | _aБиблиогр.: с. 158 (7 назв.) | ||
| 333 | _a16+ | ||
| 606 | 1 |
_aВремя _2nlr_sh1 _2nlr_sh2 _3RU\NLR\AUTH\66164458 |
|
| 606 | 1 |
_aСкорость (мех.) _2nlr_sh1 _2nlr_sh2 _3RU\NLR\AUTH\661018293 |
|
| 686 | 1 | _aВ31 | |
| 700 | 1 |
_aЛяндо _bЕ. А. _gЕвгений А. |
|
| 942 | _cBOOK | ||
| 980 | _aNB | ||